| 000 | 00715nam a2200253Ia 4500 | ||
|---|---|---|---|
| 003 | OSt | ||
| 005 | 20220927110336.0 | ||
| 006 | a|||||r|||| 00| 0 | ||
| 007 | ta | ||
| 008 | 220926b |||||||| |||| 00| 0 eng d | ||
| 024 | _a58360 | ||
| 037 | _cReports | ||
| 040 |
_aRTL _cRTL _beng |
||
| 041 |
_2eng _aeng |
||
| 082 | _a"X:9(V,61):16.262.N50t, J1" | ||
| 110 |
_aWest Bengal _9376252 |
||
| 245 | 0 | _aReport on an enquiry into the living conditions of | |
| 260 |
_aAlipore _bGovt press _c1951 |
||
| 300 |
_a40p. _ccm. |
||
| 650 | _aPersonnel Management | ||
| 700 |
_aWest Bengal _9376253 |
||
| 942 |
_h"X:9(V,61):16.262.N50t, J1" _cCC |
||
| 999 |
_c695594 _d695594 |
||